000
00358nam a2200145 a 4500
005
20140412111428.0
008
090224s19uu xx 00 eng d
020
_a
2-7641-1846-5
050
_a
ER
_b
Pi65 2005
100
_a
Fonte, Isabel
245
_a
Pinocchio /
_c
Isabel Fonte.
260
_a
Canada :
_b
Tormont,
_c
2005.
300
_a
24p.
999
_c
106281
_d
106281